00718nam a2200241 a 4500001001300000003000900013005001700022008004100039020001000080082002000090100002200110245003300132260004300165300000900208500003500217505002400252650002500276700002200301902000800323942000700331952012100338999001700459nice12345678IN_TiNIC20260116014744.0050524s1996 paka grp 000 0 eng  ac75000a936.109549bHAS aHasan, S Khurshid aChaukhandi Tombs in Pakistan aPakistanbRoyal Book Co, Karachic1996 a194p aincludes index and biblioraphy2 aBibliography, Index aArchaeology-Pakistan1 aHasan, S Khurshid bSRS cBK 001040708StackRoom-aHMIbHMId2007-04-02g750.00l0o936.109549 HASp021202r2007-04-02v750.00w2005-05-24yBK c16789d16789